000 00508nam a2200097Ia 4500
008 180130s9999 xx 000 0 und d
245 _cGervais, Sophie; Nkongolo, Kabwe
_aEffect of metal contamination on the genetic diversity of Deschampsia cespitosa populations from northern Ontario: an application of ISSR and microsatellite markers
260 _c2015
300 _aBook title: Significant concept in global environmental change--Acession number C19421; pages 115-138
650 _aGLOBAL ENVIRONMENTAL CHANGE
999 _c354543
_d354543